| 000 | 00844nam a2200253 4500 | ||
|---|---|---|---|
| 001 | 5988 | ||
| 003 | BD-RJUL | ||
| 005 | 20250804121228.0 | ||
| 008 | 080114s1969 uk 000 0 eng d | ||
| 035 | _aBD-RjUL | ||
| 040 |
_aBD-RjUL _beng _cBD-RjUL |
||
| 041 | _aeng | ||
| 082 |
_a530.15 _218 |
||
| 082 |
_a510 _218 _bLAC 1969 |
||
| 100 | 1 |
_aLawden, Derek F. _918830 |
|
| 245 | 1 | 2 |
_aA course in applied mathematics / _cD. F. Lawden |
| 260 |
_aLondon : _bEnglish Universities Press, _c1960 [Impression 1970] |
||
| 300 |
_aV. ; _c 23 cm |
||
| 490 | 0 | _aPhysical science texts | |
| 505 | 0 | _av-1 pt. 1. Dynamics -- pt. 2. Statics -- pt. 3. Field theory -- pt. 4. Hydromechanics-- pt.1. Dynamics, pt. 2. Statics,pt.3 Field theory, pt.4 Hydromechanics-- | |
| 650 | 0 |
_aMathematical physics _91138 |
|
| 650 | 0 |
_aMathematics _918831 |
|
| 942 |
_2ddc _cBK |
||
| 999 |
_c5988 _d5988 |
||